000 00357 a2200109 4500
001 ART_11017
005 20260410161849.0
008 260409a
245 1 0 _aLa hipótesis monetarista del proceso inflacionario en el caso argentino
100 1 _aSanguinetti, Pablo
773 0 _tEconómica
_g- Año XXXIII,Nº 2 (jul./dic. 1987)
_wREV7541
999 _c24860
_d24860